00777nam a2200241 i 4500003000900000005001700009008004100026040004300067082002400110100003100134245006000165264003100225300004000256336002200296337002400318338003300342500001100375546002000386650003700406650002500443651001000468856005700478EG-GICUC20260413190145.0260413s1974 nyua|||fr|||| 00| 0 eng d aEG-GiCUCbengcEG-GiCUCdEG-GiCUCerda04221a343.375bHU . C1 aHutnick, Melroy BeAuthor.10aCriminal Law and Court Procedures /cMelroy B. Hutnick. 1aNew York :bDelmar,c1974. a180 pages :billustrations,c24 cm. 2rda contentatext 2rda mediaaComputer 2rda carrieraOnline Resource aIndex  aText in English1 aCriminal trial procedures2qrmak1 aCriminal Law 2qrmak1 2qrmak40uhttps://fll.law.cu.edu.eg/fulltext/bks/B10-08624.pdf